000 01093nam a2200313 i 4500
001 000011503
003 DO-SdBNP
005 20250717074015.0
007 ta
008 091019s1986 dr r 000 f spa d
040 _aDO-SdBNP
_bspa
_cBNPHU
_erda
041 _hspa
082 4 _aRD863.44
_bA174v, 1986
_222
100 1 _aAcevedo Gautier, Carlos,
_d1932-
_eautor
_4aut.
_927236
245 1 0 _aVioleta y yo /
_cCarlos Acevedo Gautier.
264 4 _aSanto Domingo :
_bBiblioteca Nacional Pedro Henríquez Ureña (BNPHU),
_c©1986.
300 _a253 páginas :
_bilustraciones, retratos ;
_c21 cm.
336 _atexto
_btxt
_2rdacontent
337 _asin mediación
_bn
_2rdamedia
338 _avolumen
_bnc
_2rdacarrier
490 0 _aColección Orfeo
500 _aIncluye datos biográficos del autor en la contracubierta
590 _aInventariado, 2019 / DG
650 7 _aNovela dominicana
_9223
_2LEMB
650 7 _aLiteratura dominicana.
_967
_2LEMB
710 2 _aBiblioteca Nacional Pedro Henríquez Ureña
_981292
910 _aValidado. Control de calidad. MFF
942 _2ddc
_cLBS1
999 _c11204
_d11204